Billy Joel Lyrics Quiz (Part 39) - Statistics

General Stats
  • This quiz has been taken 47 times
  • The average score is 124 of 236
Answer Stats
Answer % Correct
the
100%
a
97%
an
95%
I
95%
and
92%
And
92%
We
89%
we
89%
In
87%
in
87%
you
87%
be
84%
So
76%
so
76%
no
74%
No
74%
There
74%
there
74%
to
71%
are
68%
of
68%
They
68%
they
68%
is
66%
Is
66%
night
66%
I’m
63%
on
63%
was
63%
What
63%
can
61%
It’s
61%
love
61%
That
61%
that
61%
Time
61%
time
61%
Why
61%
all
58%
by
58%
Man
58%
beginning
55%
This
55%
this
55%
will
55%
from
53%
long
53%
We’re
53%
us
50%
been
47%
can’t
47%
now
47%
Too
47%
as
45%
down
45%
life
45%
light
45%
One
45%
two
45%
live?
42%
our
42%
After
39%
come
39%
last
39%
new
39%
thing
39%
with
39%
won
39%
years
39%
years?
39%
Here
37%
nothing
37%
or
37%
see
37%
world
37%
couldn’t
34%
end
34%
gave
34%
Gave
34%
things
34%
thousand
34%
we’ve
34%
angels
32%
at
32%
many
32%
Only
32%
even
29%
give?
29%
kind
29%
war
29%
back
26%
children
24%
dreams
24%
fire
24%
hold
24%
hope
24%
Prophets
24%
relentless
24%
through
24%
amazing
21%
cold
21%
evening
21%
faith
21%
future
21%
learn
21%
moment
21%
triumphant
21%
true
21%
Without
21%
Armed
18%
blind
18%
carry
18%
certain:
18%
fate?
18%
kill
18%
kingdoms
18%
past
18%
power
18%
same
18%
verge
18%
ages
16%
battles,
16%
blessing
16%
compassion,
16%
crossroads
16%
curse
16%
darkest
16%
hate
16%
line
16%
perseveres
16%
poetry
16%
Sometimes
16%
sorrow
16%
wounds
16%
disappears
13%
field
13%
flags
13%
healed
13%
rule
13%
Science
13%
wonder
13%
endless
11%
fears
11%
vintage
11%
Caused
8%
miracles
8%
No matching quizzes found
Score Distribution
Percent of People with Each Score
Percentile by Number Answered
Your Score History
You have not taken this quiz